[Event "Summer's opening"]
[Site "SchemingMind.com"]
[Date "2008.06.17"]
[Round "-"]
[White "_keyes"]
[Black "capablanca"]
[Result "1/2-1/2"]
[WhiteCountry "ENG"]
[BlackCountry "GER"]
[WhiteElo "1974"]
[WhiteRD "66"]
[BlackElo "1715"]
[BlackRD "53"]
[GameID "159318"]

1. d4 d5 2. c4 c6 3. Nc3 Nf6 4. Nf3 dxc4 5. a4 e6 6. e3 Bb4 7. Bxc4 c5 8. O-O O-O 9. Ne2 Nc6 10. Ng3 b6
11. Qd3 cxd4 12. exd4 Bb7 13. Bg5 Be7 14. Rad1 Nb4 15. Qe2 Nfd5 16. Bc1 Rc8 17. Rfe1 Bf6 18. Nh5 Bc6 19. Bb3 g6 20. Nxf6+ Qxf6
21. Bh6 Rfe8 22. Bg5 Qg7 23. Ne5 Bb7 24. Qd2 f6 25. Bh6 Qe7 26. Nf3 Qd6 27. Be3 Nxe3 28. fxe3 Bxf3 29. gxf3 Kg7 30. Kg2 Rc7
31. Rc1 Rec8 32. Rxc7+ Rxc7 33. e4 Rd7 34. Rd1 a5 35. Qe3 Rc7 36. h4 h5 37. Qd2 Rd7=
1/2-1/2

[Event "Summer's opening"]
[Site "SchemingMind.com"]
[Date "2008.06.17"]
[Round "-"]
[White "_keyes"]
[Black "calidore"]
[Result "1-0"]
[WhiteCountry "ENG"]
[BlackCountry "ISR"]
[WhiteElo "1974"]
[WhiteRD "66"]
[BlackElo "1874"]
[BlackRD "50"]
[GameID "159319"]

1. d4 Nf6 2. c4 e6 3. Nc3 d5 4. Bg5 Be7 5. e3 O-O 6. Nf3 h6 7. Bxf6 Bxf6 8. cxd5 exd5 9. Qb3 c6 10. Bd3 Qb6
11. Qc2 Na6 12. a3 Bg4 13. Nd2 Rfe8 14. O-O Rad8 15. Na4 Qc7 16. Bxa6 bxa6 17. Rac1 Be2 18. Rfe1 Bb5 19. Nc5 Qe7 20. a4 Bxd4
21. axb5 Bxc5 22. Qxc5 Qxc5 23. Rxc5 cxb5 24. Rc7 d4 25. e4 Rc8 26. Rec1 Rxc7 27. Rxc7 a5 28. Kf1 a6 29. Rc6 Re6 30. Rxe6 fxe6
31. Nb3 a4 32. Nxd4 b4 33. Ke2 a3 34. bxa3 bxa3 35. Nc2 a2 36. f4 Kf7 37. Kd3 Kf6 38. Kd4 g5 39. g3 a5 40. Kc5 h5
41. Kd6 gxf4 42. gxf4 h4 43. h3 a4 44. Na1 a3 45. Nc2 Kf7 46. e5
1-0

[Event "Summer's opening"]
[Site "SchemingMind.com"]
[Date "2008.06.17"]
[Round "-"]
[White "_keyes"]
[Black "Vaidotas"]
[Result "1-0"]
[WhiteCountry "ENG"]
[BlackCountry "LTU"]
[WhiteElo "2010"]
[WhiteRD "72"]
[BlackElo "1699"]
[BlackRD "69"]
[GameID "159320"]

1. d4 d6 2. Nf3 g6 3. e4 Bg7 4. Bd3 Nc6 5. c3 e5 6. d5 Nce7 7. Bg5 f6 8. Be3 f5 9. c4 b6 10. Nc3 Nf6
11. Qc2 f4 12. Bc1 h6 13. b3 g5 14. Bb2 Bd7 15. O-O-O a5 16. a4 O-O 17. h3 Ng6 18. Rdg1 Kh8 19. Qe2 Qe8 20. Kb1 Rf7
21. Bc2 Qe7 22. g3 Raf8 23. Ne1 fxg3 24. fxg3 g4 25. h4 Nh5 26. Qe3 Rf2 27. Nd1 R2f7 28. Bc3 Kh7 29. Bd3 Rf6 30. Be2 Qd8
31. Nd3 Qe8 32. N1f2
1-0

[Event "Summer's opening"]
[Site "SchemingMind.com"]
[Date "2008.06.18"]
[Round "-"]
[White "_keyes"]
[Black "smothered mate"]
[Result "0-1"]
[WhiteCountry "ENG"]
[BlackCountry "POL"]
[WhiteElo "1974"]
[WhiteRD "66"]
[BlackElo "1933"]
[BlackRD "52"]
[GameID "159321"]

1. d4 Nf6 2. c4 e6 3. Nc3 d5 4. Bg5 Nbd7 5. e3 Be7 6. Nf3 h6 7. Bh4 Ne4 8. Bxe7 Qxe7 9. Nxe4 dxe4 10. Nd2 c5
11. Nxe4 cxd4 12. exd4 O-O 13. Bd3 e5 14. d5 f5 15. Nc3 e4 16. Bc2 Ne5 17. Qe2 Qg5 18. g3 Nf3+ 19. Kf1 f4 20. h4 Qg4
21. Qd1 fxg3 22. Rg1 Nh2+
0-1

[Event "Summer's opening"]
[Site "SchemingMind.com"]
[Date "2008.06.18"]
[Round "-"]
[White "_keyes"]
[Black "andy146"]
[Result "1-0"]
[WhiteCountry "ENG"]
[BlackCountry "POL"]
[WhiteElo "1974"]
[WhiteRD "66"]
[BlackElo "1645"]
[BlackRD "65"]
[GameID "159322"]

1. d4 Nf6 2. c4 g6 3. Nc3 Bg7 4. e4 d6 5. f3 O-O 6. Be3 a6 7. Bd3 c5 8. dxc5 dxc5 9. Bxc5 Be6 10. Be3 Nc6
11. Nd5 Rb8 12. Bf4 Rc8 13. Ne2 Nh5 14. Bc1 Ne5 15. Qb3 Qd7 16. O-O Qc6 17. Nxe7+
1-0

[Event "Summer's opening"]
[Site "SchemingMind.com"]
[Date "2008.06.17"]
[Round "-"]
[White "_keyes"]
[Black "Andreas Flato"]
[Result "1-0"]
[WhiteCountry "ENG"]
[BlackCountry "GER"]
[WhiteElo "1985"]
[WhiteRD "74"]
[BlackElo "1820"]
[BlackRD "63"]
[GameID "159323"]

1. d4 e6 2. c4 Nf6 3. Nc3 Be7 4. e4 O-O 5. f3 b6 6. Be3 Bb7 7. Bd3 d5 8. cxd5 exd5 9. e5 Nfd7 10. Nge2 c5
11. f4 c4 12. Bc2 a6 13. O-O b5 14. a3 Bc6 15. Qd2 a5 16. Rae1 b4 17. axb4 axb4 18. Nd1 Ba4 19. Bb1 Nc6 20. Nf2 Na5
21. Ng3 Nb3 22. Qe2 Kh8 23. Qh5 Bb5 24. Qxh7#
1-0

[Event "Summer's opening"]
[Site "SchemingMind.com"]
[Date "2008.06.17"]
[Round "-"]
[White "capablanca"]
[Black "_keyes"]
[Result "0-1"]
[WhiteCountry "GER"]
[BlackCountry "ENG"]
[WhiteElo "1715"]
[WhiteRD "53"]
[BlackElo "1974"]
[BlackRD "66"]
[GameID "159324"]

1. e4 c5 2. Nf3 d6 3. d4 cxd4 4. Nxd4 Nf6 5. Nc3 a6 6. Bc4 e6 7. Bg5 Be7 8. f3 Qc7 9. Bb3 O-O 10. O-O Bd7
11. f4 Nc6 12. Nxc6 Bxc6 13. Kh1 Nxe4 14. Nxe4 Bxe4 15. Bxe7 Qxe7 16. c3 b5 17. Qe2 f5 18. Bc2 Bxc2 19. Qxc2 g6 20. Rad1 Kg7
21. Rfe1 e5 22. fxe5 dxe5 23. Rd5 e4 24. Qf2 Rae8 25. Qd4+ Qf6 26. Rd7+ Rf7 27. Rxf7+ Kxf7 28. Qxf6+ Kxf6 29. Kg1 Rd8 30. Kf2 Ke5
31. Ke2 f4 32. b3 g5 33. c4 bxc4 34. bxc4 Rb8 35. Rd1 Rb2+ 36. Rd2 Rxd2+ 37. Kxd2 Kd4
0-1

[Event "Summer's opening"]
[Site "SchemingMind.com"]
[Date "2008.06.18"]
[Round "-"]
[White "calidore"]
[Black "_keyes"]
[Result "1/2-1/2"]
[WhiteCountry "ISR"]
[BlackCountry "ENG"]
[WhiteElo "1867"]
[WhiteRD "47"]
[BlackElo "1985"]
[BlackRD "74"]
[GameID "159325"]

1. e4 c5 2. c3 d5 3. exd5 Qxd5 4. d4 e6 5. Nf3 Nf6 6. Be3 cxd4 7. cxd4 Bb4+ 8. Nc3 O-O 9. Bd3 Bd7 10. O-O Bxc3
11. bxc3 Bc6 12. c4 Qd7 13. Ne5 Qd8 14. Nxc6 Nxc6 15. Rb1 Qe7 16. Qf3 h6 17. Rfd1 Rfd8 18. Bc2=
1/2-1/2

[Event "Summer's opening"]
[Site "SchemingMind.com"]
[Date "2008.06.17"]
[Round "-"]
[White "Vaidotas"]
[Black "_keyes"]
[Result "0-1"]
[WhiteCountry "LTU"]
[BlackCountry "ENG"]
[WhiteElo "1851"]
[WhiteRD "67"]
[BlackElo "1974"]
[BlackRD "66"]
[GameID "159326"]

1. e4 c5 2. d4 cxd4 3. c3 dxc3 4. Nxc3 a6 5. Nf3 e6 6. e5 Nc6 7. Bc4 Nge7 8. Bf4 Ng6 9. Bg3 Be7 10. O-O O-O
11. Ne4 b5 12. Bb3 Bb7 13. Nd6 Bxd6 14. exd6 f5 15. h3 f4 16. Bh2 Qf6 17. Qd2 Kh8 18. Rfe1 Rae8 19. Rac1 Rc8 20. Bc2 Nge5
21. Nxe5 Nxe5 22. b3 Qg5 23. Rxe5 Qxg2#
0-1

[Event "Summer's opening"]
[Site "SchemingMind.com"]
[Date "2008.06.17"]
[Round "-"]
[White "smothered mate"]
[Black "_keyes"]
[Result "0-1"]
[WhiteCountry "POL"]
[BlackCountry "ENG"]
[WhiteElo "1877"]
[WhiteRD "53"]
[BlackElo "1993"]
[BlackRD "68"]
[GameID "159327"]

1. d4 Nf6 2. c4 e6 3. Nf3 b6 4. e3 Bb7 5. Bd3 Ne4 6. Qc2 f5 7. Nc3 Nf6 8. Be2 Be7 9. Bd2 O-O 10. O-O Na6
11. a3 c5 12. Rad1 Nc7 13. Rfe1 Rc8 14. Qb1 Qe8 15. Ne5 d6 16. Bf3 Bxf3 17. Nxf3 h6 18. e4 cxd4 19. Nxd4 fxe4 20. Nxe4 Ng4
21. h3 Ne5 22. b3 Qf7 23. f4 Ng6 24. g3 d5 25. Nc3 dxc4 26. bxc4 Bxa3 27. Qa2 Bc5 28. Be3 a5 29. Ndb5 Bxe3+ 30. Rxe3 Nxb5
31. Nxb5 Qe7 32. Nd4 Rf6 33. f5 Nf8 34. Rde1 Qc5 35. Nxe6 Nxe6 36. fxe6 Rxe6 37. Qf2 Rxe3 38. Rxe3 Qxc4 39. Re1 b5 40. Qf5 Qc5+
41. Qxc5 Rxc5 42. Re7 Rc1+ 43. Kg2 Rb1 44. Ra7 a4 45. Kf2 Rb3 46. h4 a3 47. g4 b4 48. g5 Rb2+ 49. Kf3 a2 50. g6 Kf8
51. Ke4 b3 52. Ke5 Re2+ 53. Kd6 Re8
0-1

[Event "Summer's opening"]
[Site "SchemingMind.com"]
[Date "2008.06.17"]
[Round "-"]
[White "andy146"]
[Black "_keyes"]
[Result "0-1"]
[WhiteCountry "POL"]
[BlackCountry "ENG"]
[WhiteElo "1610"]
[WhiteRD "65"]
[BlackElo "2008"]
[BlackRD "72"]
[GameID "159328"]

1. d4 Nf6 2. c4 e6 3. Nf3 b6 4. g3 Bb7 5. Bg2 Be7 6. O-O O-O 7. Nc3 Bb4 8. Bg5 Bxc3 9. bxc3 d6 10. a4 a5
11. Ne1 Bxg2 12. Kxg2 Nbd7 13. Nd3 h6 14. Bd2 Qe7 15. Rb1 Ne4 16. f3 Nxd2 17. Qxd2 c5 18. Ne1 Rac8 19. Nc2 cxd4 20. cxd4 Rxc4
21. Na3 Rcc8 22. Nb5 Nb8 23. Qd3 d5 24. Rfc1 Nc6 25. Qd2 Qd7 26. Qb2 Nb4 27. Qb3 Rxc1 28. Rxc1 Rc8 29. Rc3 Rxc3 30. Qxc3 Qc6
31. Qxc6 Nxc6 32. e3 Kf8 33. Nc7 Nb8 34. Kf2 Ke7 35. e4 Kd7 36. Nb5 dxe4 37. fxe4 Nc6 38. Ke3 Nb4 39. Kd2 f5 40. exf5 exf5
41. Kc3 g5 42. Kc4 f4 43. gxf4 gxf4 44. Nc3 Kd6 45. Ne4+ Ke6 46. Nf2 Nd5 47. Nh3 f3 48. Nf2 Nc7 49. Kd3 Kd5 50. Ne4 Ne6
51. Nc3+ Kd6 52. Ke3 f2 53. Kxf2 Nxd4 54. Ke3 Nb3 55. Kd3 Kc5 56. Na2 b5 57. axb5 Kxb5 58. Kc3 a4 59. Kb2 Nc5 60. Ka3 Kc4
61. Nb4 Kd4
0-1

[Event "Summer's opening"]
[Site "SchemingMind.com"]
[Date "2008.06.17"]
[Round "-"]
[White "Andreas Flato"]
[Black "_keyes"]
[Result "0-1"]
[WhiteCountry "GER"]
[BlackCountry "ENG"]
[WhiteElo "1779"]
[WhiteRD "62"]
[BlackElo "1974"]
[BlackRD "66"]
[GameID "159329"]

1. e4 c5 2. Nf3 d6 3. d3 e6 4. Be2 a6 5. O-O Nc6 6. h3 Qc7 7. Bf4 Bd7 8. c4 Be7 9. Nc3 Bf6 10. Qd2 Rc8
11. Rab1 Nge7 12. a3 O-O 13. b4 Bxc3 14. Qxc3 e5 15. Bh2 f6 16. b5 axb5 17. cxb5 Nd8 18. b6 Qc6 19. Bd1 Ra8 20. a4 Qc8
21. a5 g6 22. Nd2 Nec6 23. Bb3+ Be6 24. Ra1 Nd4 25. Rfe1 Nxb3 26. Nxb3 Nc6 27. Nd2 Ra6 28. Ra4 Qd7 29. Rea1 Nd4 30. Kf1 Bxh3
31. Nc4 Be6 32. f3 Kg7 33. Bg1 Bxc4 34. Rxc4 Nc6 35. Be3 Rfa8 36. Rca4 Nb4 37. Bd2 Qb5 38. Qc4 Qxc4 39. dxc4 Nc2 40. R1a2 Nd4
41. Kf2 h6 42. Bc3 Nc6 43. Ra1 Kf7 44. g3 Ke6 45. Ke3 h5 46. Bd2 Nd4 47. R1a2 g5 48. Be1 f5 49. exf5+ Kxf5 50. g4+ hxg4
51. fxg4+ Kxg4 52. Ke4 Kh5 53. Rf2 Kg6 54. Kd5 Rd8
0-1

[Event "Summer's opening"]
[Site "SchemingMind.com"]
[Date "2008.06.17"]
[Round "-"]
[White "e_castle3"]
[Black "_keyes"]
[Result "0-1"]
[WhiteCountry "PHI"]
[BlackCountry "ENG"]
[WhiteElo "1780"]
[WhiteRD "66"]
[BlackElo "1993"]
[BlackRD "68"]
[GameID "159706"]

1. d4 Nf6 2. c4 e6 3. Nc3 Bb4 4. a3 Bxc3+ 5. bxc3 b6 6. Bg5 h6 7. Bh4 g5 8. Bg3 Ne4 9. Qc2 Bb7 10. f3 Nxg3
11. hxg3 Qe7 12. e4 d6 13. Bd3 Nd7 14. Ne2 c5 15. O-O Rc8 16. Qa4 a5 17. Rab1 Kf8 18. d5 Kg7 19. f4 f6 20. Qd1 Ba6
21. Nc1 Rcg8 22. Qg4 e5 23. Ne2 Kf8 24. Qf5 Ke8 25. Nc1 gxf4 26. gxf4 Rg7 27. Rf3 Rhg8 28. Rb2 exf4 29. Qh5+ Rg6 30. Rxf4 Kd8
31. Bf1 Kc7 32. Qd1 Qe5 33. Rf3 Qh5 34. Qa4 Qxf3 35. Qc6+ Kd8 36. Qxd6 f5
0-1

[Event "Summer's opening"]
[Site "SchemingMind.com"]
[Date "2008.06.17"]
[Round "-"]
[White "e_castle3"]
[Black "capablanca"]
[Result "0-1"]
[WhiteCountry "PHI"]
[BlackCountry "GER"]
[WhiteElo "1756"]
[WhiteRD "69"]
[BlackElo "1750"]
[BlackRD "58"]
[GameID "159707"]

1. e4 d5 2. exd5 Qxd5 3. Nc3 Qa5 4. Nf3 Nf6 5. Be2 c6 6. O-O e6 7. d4 Nbd7 8. Bd2 Qc7 9. Re1 Be7 10. Bf1 b6
11. g3 Bb7 12. Bg2 O-O 13. a3 c5 14. Bf4 Qc8 15. Qd2 cxd4 16. Qxd4 Bc5 17. Qd2 Rd8 18. Qc1 Ng4 19. Be3 Nxe3 20. fxe3 Nf6
21. b4 Be7 22. Qb2 Ne4 23. Nxe4 Bxe4 24. Rac1 Qb7 25. Rf1 Rac8 26. Rf2 Bf6 27. Qb3 Rc3 28. Qa2 Bd5 29. Qb1 Rxa3 30. c4 Ra1
31. cxd5 Rxb1 32. Rxb1 exd5 33. Rc2 Qe7 34. Kf2 Qe4 35. Rbb2 Bxb2
0-1

[Event "Summer's opening"]
[Site "SchemingMind.com"]
[Date "2008.06.19"]
[Round "-"]
[White "e_castle3"]
[Black "calidore"]
[Result "0-1"]
[WhiteCountry "PHI"]
[BlackCountry "ISR"]
[WhiteElo "1756"]
[WhiteRD "69"]
[BlackElo "1867"]
[BlackRD "47"]
[GameID "159708"]

1. d4 Nf6 2. c4 e6 3. a3 d5 4. Nc3 c5 5. cxd5 cxd4 6. Qxd4 exd5 7. e3 Nc6 8. Bb5 Bd7 9. Qd1 a6 10. Ba4 Be6
11. Nge2 Bc5 12. b4 Bd6 13. Bb2 O-O 14. O-O Bxh2+ 15. Kh1 Bc7 16. Bxc6 bxc6 17. f3 Qd6 18. g3 Nd7 19. Qe1 Rfe8 20. Qf2 Bh3
21. Rfd1 Qh6 22. Bc1 Qh5 23. Kg1 Ne5 24. g4 Nxf3+ 25. Qxf3 Bxg4 26. Qf2 Re6 27. Rd4 Rg6 28. Nf4 Bf3+ 29. Nxg6 Qh1#
0-1

[Event "Summer's opening"]
[Site "SchemingMind.com"]
[Date "2008.06.17"]
[Round "-"]
[White "e_castle3"]
[Black "Vaidotas"]
[Result "1/2-1/2"]
[WhiteCountry "PHI"]
[BlackCountry "LTU"]
[WhiteElo "1745"]
[WhiteRD "66"]
[BlackElo "1851"]
[BlackRD "67"]
[GameID "159709"]

1. e4 c6 2. Nf3 d5 3. exd5 cxd5 4. Bb5+ Nc6 5. O-O Bd7 6. d4 Nf6 7. Re1 e6 8. Bg5 Be7 9. Nc3 O-O 10. Bxc6 bxc6
11. Ne5 Be8 12. a3 c5 13. dxc5 Bxc5 14. Qf3 Be7 15. Rad1 Qc7 16. Rd4 Rb8 17. b3 Rc8 18. Bd2 Bxa3 19. Nb1 Bd6 20. Ng4 Ne4
21. c4 Nxd2 22. Nxd2 h5 23. Ne3 Bc5 24. Rh4 g6 25. cxd5 Qe7 26. Re4 Bxe3 27. R4xe3 Qb4 28. Ne4 f5 29. Ng5 exd5 30. Qxd5+ Bf7
31. Nxf7 Rxf7 32. Re8+ Rxe8 33. Rxe8+ Kg7 34. Qe5+ Kh6 35. Rb8 Rd7 36. Rh8+=
1/2-1/2

[Event "Summer's opening"]
[Site "SchemingMind.com"]
[Date "2008.06.17"]
[Round "-"]
[White "e_castle3"]
[Black "smothered mate"]
[Result "0-1"]
[WhiteCountry "PHI"]
[BlackCountry "POL"]
[WhiteElo "1756"]
[WhiteRD "69"]
[BlackElo "1926"]
[BlackRD "48"]
[GameID "159710"]

1. Nf3 Nf6 2. d4 e6 3. Bg5 d5 4. e3 c5 5. c3 Nc6 6. Bb5 Bd7 7. O-O h6 8. Bh4 Be7 9. Nbd2 O-O 10. Bxf6 Bxf6
11. dxc5 Rc8 12. Nb3 Nb8 13. Be2 Ba4 14. Qd2 Nd7 15. Nbd4 Nxc5 16. b3 Ne4 17. Qb2 Bd7 18. Rac1 Qa5 19. c4 Bc6 20. b4 Qd8
21. Qb3 Bxd4 22. Nxd4 Nd2 23. Qd3 Nxf1 24. Bxf1 dxc4 25. Rxc4 Bd5 26. Rxc8 Qxc8 27. h3 Rd8 28. Be2 e5 29. Nc2 Bxg2 30. Qb3 Qxh3
31. f4 Bd5
0-1

[Event "Summer's opening"]
[Site "SchemingMind.com"]
[Date "2008.06.17"]
[Round "-"]
[White "e_castle3"]
[Black "andy146"]
[Result "1-0"]
[WhiteCountry "PHI"]
[BlackCountry "POL"]
[WhiteElo "1756"]
[WhiteRD "69"]
[BlackElo "1618"]
[BlackRD "62"]
[GameID "159711"]

1. f4 d5 2. Nf3 Bg4 3. e3 e6 4. Be2 Nf6 5. O-O Bd6 6. d4 O-O 7. Nbd2 c5 8. c3 Nc6 9. Ne5 Bxe2 10. Qxe2 cxd4
11. cxd4 Rc8 12. Ndf3 Ne4 13. Bd2 Qe7 14. a3 f6 15. Nd3 Qf7 16. Be1 Na5 17. Bxa5
1-0

[Event "Summer's opening"]
[Site "SchemingMind.com"]
[Date "2008.06.17"]
[Round "-"]
[White "e_castle3"]
[Black "Andreas Flato"]
[Result "1/2-1/2"]
[WhiteCountry "PHI"]
[BlackCountry "GER"]
[WhiteElo "1756"]
[WhiteRD "69"]
[BlackElo "1820"]
[BlackRD "63"]
[GameID "159712"]

1. e4 e6 2. d4 d5 3. exd5 exd5 4. Nf3 Nc6 5. Be2 Nf6 6. O-O Be7 7. Nc3 O-O 8. a3 h6 9. b4 a6 10. Bb2 Bg4
11. Re1 Bd6 12. h3 Bh5 13. g4 Bg6 14. Bf1 Bf4 15. Bg2 Re8 16. Ne2 Bd6 17. Rc1 Ne4 18. c4 dxc4 19. Rxc4 Rb8 20. Nc3 Nxc3
21. Rxc3 Qd7 22. Rce3 Bf4 23. Rxe8+ Rxe8 24. Rxe8+ Qxe8 25. d5 Ne5 26. Nh4 Bh7 27. Qd4 g5 28. Kh1 Qb5 29. Nf3 Qe2 30. Ng1 Qc2
31. d6 cxd6 32. Bxb7 Bd3 33. Kg2 Kh7 34. Nf3 Qe2 35. Nh2 Kg8=
1/2-1/2

[Event "Summer's opening"]
[Site "SchemingMind.com"]
[Date "2008.06.21"]
[Round "-"]
[White "_keyes"]
[Black "e_castle3"]
[Result "1-0"]
[WhiteCountry "ENG"]
[BlackCountry "PHI"]
[WhiteElo "1993"]
[WhiteRD "68"]
[BlackElo "1780"]
[BlackRD "66"]
[GameID "159713"]

1. d4 d5 2. c4 c6 3. Nc3 Nf6 4. Nf3 e6 5. Bg5 Be7 6. Bxf6 Bxf6 7. e4 O-O 8. e5 Be7 9. Bd3 dxc4 10. Bxc4 Nd7
11. O-O Nb6 12. Bb3 Bd7 13. Ne4 Nd5 14. a3 Qc7 15. Rc1 f5 16. exf6 gxf6 17. Re1 Rf7 18. Nc3 Qf4 19. Ne2 Qg4 20. h3 Qh5
21. Ng3 Qh6 22. Nh2 f5 23. Nf3 Rg7 24. Ne5 Be8 25. Nf3 f4 26. Qd2 Rg6 27. Nf5 Qxh3 28. Nxe7+ Nxe7 29. Bxe6+
1-0

[Event "Summer's opening"]
[Site "SchemingMind.com"]
[Date "2008.06.17"]
[Round "-"]
[White "capablanca"]
[Black "e_castle3"]
[Result "0-1"]
[WhiteCountry "GER"]
[BlackCountry "PHI"]
[WhiteElo "1750"]
[WhiteRD "58"]
[BlackElo "1756"]
[BlackRD "69"]
[GameID "159714"]

1. e4 c5 2. Nf3 Nc6 3. d4 cxd4 4. Nxd4 a6 5. Nc3 d6 6. Be3 Nf6 7. f3 e6 8. Bc4 Be7 9. Qd2 O-O 10. O-O-O Qc7
11. g4 Rd8 12. g5 Ne8 13. h4 b5 14. Bb3 b4 15. Nce2 Rb8 16. Nxc6 Qxc6 17. h5 a5 18. g6 a4 19. gxf7+ Kxf7 20. Bxe6+ Bxe6
21. Nf4 Bxa2 22. Nd5 Bxd5 23. exd5 Qc4 24. Qd4 Qxd4 25. Bxd4 Bf6 26. Be3 a3 27. bxa3 bxa3 28. Kd2 a2 29. c3 Rb2+ 30. Kd3 Rc8
31. Bd4 Bxd4 32. Kxd4 Rc2 33. c4 R8xc4+ 34. Kd3 R4c3+ 35. Kd4 Rb3 36. h6 g6 37. f4 Rcb2
0-1

[Event "Summer's opening"]
[Site "SchemingMind.com"]
[Date "2008.06.22"]
[Round "-"]
[White "calidore"]
[Black "e_castle3"]
[Result "1/2-1/2"]
[WhiteCountry "ISR"]
[BlackCountry "PHI"]
[WhiteElo "1867"]
[WhiteRD "47"]
[BlackElo "1756"]
[BlackRD "69"]
[GameID "159715"]

1. e4 e5 2. Nf3 Nc6 3. Bc4 Bc5 4. b4 Bxb4 5. c3 Ba5 6. d4 exd4 7. O-O d6 8. cxd4 Nge7 9. Ng5 O-O 10. Qh5 h6
11. Nxf7 Rxf7 12. Bxf7+ Kh7 13. Be3 Bb6 14. Rd1 Bd7 15. a4 a6 16. a5 Ba7 17. Nc3 Qf8 18. Bc4 Qf6 19. Bd3 Kh8 20. Ne2 Rf8
21. f3 Ng8 22. Nf4 Nce7 23. Kh1 g6 24. Nxg6+ Qxg6 25. Qh4 Qg7 26. Rab1 Bc8 27. Bc4 Kh7 28. Bd3 Ng6 29. Qf2 Nf6 30. Qd2 Nd7
31. Rdc1 c6 32. Qb4 Bb8 33. Bd2=
1/2-1/2

[Event "Summer's opening"]
[Site "SchemingMind.com"]
[Date "2008.06.21"]
[Round "-"]
[White "Vaidotas"]
[Black "e_castle3"]
[Result "1-0"]
[WhiteCountry "LTU"]
[BlackCountry "PHI"]
[WhiteElo "1851"]
[WhiteRD "67"]
[BlackElo "1745"]
[BlackRD "66"]
[GameID "159716"]

1. e4 e5 2. Nf3 Nc6 3. Bc4 Bc5 4. b4 Bxb4 5. c3 Ba5 6. d4 Qe7 7. Ba3 d6 8. d5 Nd8 9. Qa4+ Bd7 10. Qxa5 Nf6
11. Bd3 O-O 12. Qb4 c5 13. Qb2 a6 14. Qe2 b5 15. Bc1 Bg4 16. h3 Bh5 17. a4 c4 18. Bc2 Nb7 19. axb5 axb5 20. Rxa8 Rxa8
21. Na3 Qd7 22. Qe3 Nc5 23. g4 Bg6 24. Nd2 Ra5 25. f3 Qa7 26. Ndb1 Nfd7 27. h4 f6 28. h5 Be8 29. g5 Qb7 30. gxf6 Nxf6
31. Qg5 h6 32. Qh4 Ra8 33. Bxh6 Bxh5 34. Rg1 Kh8 35. Bxg7+
1-0

[Event "Summer's opening"]
[Site "SchemingMind.com"]
[Date "2008.06.17"]
[Round "-"]
[White "smothered mate"]
[Black "e_castle3"]
[Result "1-0"]
[WhiteCountry "POL"]
[BlackCountry "PHI"]
[WhiteElo "1926"]
[WhiteRD "48"]
[BlackElo "1756"]
[BlackRD "69"]
[GameID "159717"]

1. e4 e5 2. Nf3 Nc6 3. Bc4 Bc5 4. b4 Bb6 5. a4 a6 6. Nc3 d6 7. Nd5 Nf6 8. O-O O-O 9. d3 Nxd5 10. exd5 Nd4
11. c3 Nxf3+ 12. Qxf3 f5 13. Be3 Bxe3 14. fxe3 Bd7 15. Bb3 Kh8 16. e4 Qg5 17. Bc2 Rf6 18. d4 Qd2 19. Rf2 Qg5 20. dxe5 dxe5
21. exf5 Raf8 22. Raf1 g6 23. Qe2 Re8 24. fxg6 Rxf2 25. Qxf2 hxg6 26. Qf7 Rd8 27. Bxg6 Bh3 28. Qh7#
1-0

[Event "Summer's opening"]
[Site "SchemingMind.com"]
[Date "2008.06.17"]
[Round "-"]
[White "andy146"]
[Black "e_castle3"]
[Result "0-1"]
[WhiteCountry "POL"]
[BlackCountry "PHI"]
[WhiteElo "1645"]
[WhiteRD "66"]
[BlackElo "1780"]
[BlackRD "66"]
[GameID "159718"]

1. Nf3 d5 2. d3 Nf6 3. g3 g6 4. Bg2 Bg7 5. O-O O-O 6. e4 dxe4 7. dxe4 Nxe4 8. Qe2 Nf6 9. Rd1 Qe8 10. Bf4 c6
11. Nbd2 Nbd7 12. c4 e6 13. Rab1 Nh5 14. Bd6 Nb6 15. Bxf8 Bxf8 16. Ne4 Bg7 17. b3 e5 18. Nd6 Qe7 19. Nxc8 Rxc8 20. Rd2 f5
21. Re1 e4 22. Nd4 Qf7 23. f3 exf3 24. Qxf3 Nf6 25. Ne6 Bh6 26. Rd4 Ne4 27. Nf4 Nd7 28. Qe3 Ndf6 29. Rxe4 Nxe4 30. Bxe4 fxe4
31. Qxe4 Bxf4 32. Qxf4 Qxf4 33. gxf4 Kf7 34. Kg2 Re8 35. Rxe8 Kxe8 36. Kg3 Kf7 37. Kg4 Kf6 38. h4 h5+ 39. Kg3 Kf5 40. Kf3 b6
41. a3 a6 42. b4 c5 43. bxc5 bxc5
0-1

[Event "Summer's opening"]
[Site "SchemingMind.com"]
[Date "2008.06.17"]
[Round "-"]
[White "Andreas Flato"]
[Black "e_castle3"]
[Result "1-0"]
[WhiteCountry "GER"]
[BlackCountry "PHI"]
[WhiteElo "1847"]
[WhiteRD "66"]
[BlackElo "1751"]
[BlackRD "78"]
[GameID "159719"]

1. e4 c5 2. Nf3 Nc6 3. Bb5 a6 4. Bxc6 dxc6 5. d3 Bg4 6. O-O e6 7. Bf4 Nf6 8. h3 Bh5 9. Nc3 Be7 10. Re1 O-O
11. Re3 b5 12. Qd2 Bxf3 13. Rxf3 Qb6 14. Bg5 Ra7 15. e5 Nd5 16. Bxe7 Rxe7 17. Ne4 f6 18. c4 f5 19. cxd5 fxe4 20. Rxf8+ Kxf8
21. d6 Rf7 22. dxe4 Rd7 23. Qf4+ Ke8 24. Qg4 Kf7 25. Qh5+ Kf8 26. Qxh7 c4 27. Rd1 Qa5 28. Qh8+ Kf7 29. Qc8 Rd8 30. Qxc6
1-0

[Event "Summer's opening"]
[Site "SchemingMind.com"]
[Date "2008.06.18"]
[Round "-"]
[White "Evans, Stan"]
[Black "_keyes"]
[Result "0-1"]
[WhiteCountry "USA"]
[BlackCountry "ENG"]
[WhiteElo "1811"]
[WhiteRD "77"]
[BlackElo "1993"]
[BlackRD "68"]
[GameID "159834"]

1. Nc3 e6 2. Nf3 b6 3. e4 Bb7 4. d4 Bb4 5. Bd3 c5 6. a3 Ba5 7. Bd2 Ne7 8. Nb5 Bxd2+ 9. Qxd2 d6 10. dxc5 bxc5
11. O-O O-O 12. Rfe1 a6 13. Nc3 Nbc6 14. Rab1 Qc7 15. e5 Nxe5 16. Nxe5 dxe5 17. Qe3 c4 18. Be4 Nc6 19. Qc5 Rac8 20. Qxc4 Qe7
21. Bxc6 Rxc6 22. Qe2 f6 23. Red1 Ba8 24. Rd3 Qb7 25. Qf3 Qe7 26. Qg3 Rc7 27. Rc1 e4 28. Rdd1 Rb8 29. b4 Rbc8 30. Na4 Rxc2
31. Rxc2 Rxc2 32. Nc5 Bd5 33. Nxa6 e3 34. Qxe3 Qb7 35. Nc5 Qc6 36. Qg3 g6 37. h4 Kg7 38. h5 g5 39. f4 Rxg2+ 40. Qxg2 Bxg2
41. fxg5 fxg5 42. Rd2 Bd5 43. Rh2 h6 44. Rc2 Qe8 45. Rh2 Qf7 46. a4 Qf4
0-1

[Event "Summer's opening"]
[Site "SchemingMind.com"]
[Date "2008.06.18"]
[Round "-"]
[White "Evans, Stan"]
[Black "capablanca"]
[Result "1-0"]
[WhiteCountry "USA"]
[BlackCountry "GER"]
[WhiteElo "1827"]
[WhiteRD "69"]
[BlackElo "1750"]
[BlackRD "58"]
[GameID "159835"]

1. Nc3 Nf6 2. e4 e5 3. Bc4 Bc5 4. d3 h6 5. Nge2 d6 6. O-O Bg4 7. Be3 Bb6 8. Qd2 Nbd7 9. Bxb6 Nxb6 10. Bb3 Qe7
11. f4 Be6 12. fxe5 dxe5 13. Ng3 O-O-O 14. Nf5 Qf8 15. Ne3 Qe7 16. Nf5 Bxf5 17. Rxf5 Kb8 18. Raf1 Rdf8 19. Qe3 Nbd7 20. Kh1 Qc5
21. Qg3 g6 22. R5f2 Nh5 23. Qf3 f6 24. Qg4 Qe7 25. Qxg6 Nf4 26. Qg3 Nc5 27. Qe3 Nxb3 28. axb3 Rfg8 29. Nd5 Nxd5 30. exd5 Qg7
31. Qf3 Rf8 32. Qf5 Qg5= 33. Qxg5 hxg5 34. Rxf6 Rxf6 35. Rxf6 Kc8 36. Rf5 Rg8 37. Rxe5 Kd7 38. d4 Kd6 39. c4 b6 40. Re6+ Kd7
41. Kg1
1-0

[Event "Summer's opening"]
[Site "SchemingMind.com"]
[Date "2008.06.21"]
[Round "-"]
[White "Evans, Stan"]
[Black "e_castle3"]
[Result "0-1"]
[WhiteCountry "USA"]
[BlackCountry "PHI"]
[WhiteElo "1827"]
[WhiteRD "69"]
[BlackElo "1756"]
[BlackRD "69"]
[GameID "159836"]

1. Nc3 Nf6 2. f4 d5 3. Nf3 e6 4. e3 Bb4 5. a3 Ba5 6. b4 Bb6 7. Na4 O-O 8. Nxb6 axb6 9. Bb2 c5 10. c4 Nc6
11. b5 Ne7 12. Bxf6 gxf6 13. Qc2 Ng6 14. Be2 e5 15. O-O d4 16. fxe5 fxe5 17. exd4 cxd4 18. Bd3 f5 19. Nxe5 Nxe5 20. Bxf5 Qe7
21. a4 Be6 22. Bxe6+ Qxe6 23. d3 Ng4 24. Rxf8+ Rxf8 25. Qd2 Qe5 26. Re1 Qxh2#
0-1